| 000 | 00907nam a22002057a 4500 | ||
|---|---|---|---|
| 999 |
_c8238 _d8238 |
||
| 003 | AR-CdUCM | ||
| 008 | 190322b ||||| |||| 00| 0 spa d | ||
| 040 |
_aMUNICIPALIDAD PROVINCIAL DEL CUSCO _cBIBLIOTECA MUNICIPAL DEL CUSCO |
||
| 082 |
_a396.2 / _bC33 |
||
| 100 |
_aCastelnuovo, Elias _923191 |
||
| 245 |
_aPsicoanálisis sexual y psicoanálisis social : _bexámen de una nueva teoría de dosorientación política y económica / |
||
| 260 |
_aBuenos Aires : _bSan José, _c1938. |
||
| 300 |
_a268 páginas ; _c18.5 cm. |
||
| 500 | _aDonación familia Nieto. | ||
| 505 | _aContenido : Reproducción y subsistencia -- Aberraciones sexuales -- Actividad sexual infantil -- Masturbación del lactante -- Repugnancia y pudor -- Olvido y represión -- Régimen interno ... | ||
| 650 |
_aPsicoanálisis (Sociología) _923192 |
||
| 650 |
_aSexo (Psicoanálisis) _923193 |
||
| 942 |
_2ddc _cLIBROS |
||
| 945 | _azta | ||